Obres completes de Marià Manent
Descripción Física:
v. ; 23 cm
Colección:
Clàssics catalans
Otros Autores:
Abrams, D. Sam, 1952-
MARC
| LEADER | 00000nam a2200000Ia 4500 | ||
|---|---|---|---|
| 001 | 12721 | ||
| 008 | 160829s2000 xx 000 0 cat d | ||
| 080 | |a L-1-305 | ||
| 100 | |a Manent, Marià |9 35112 | ||
| 245 | |a Obres completes de Marià Manent | ||
| 260 | |a Barcelona : |b Edicions 62 : |b Diputació de Barcelona, |c 2000 | ||
| 300 | |a v. ; |c 23 cm | ||
| 490 | |a Clàssics catalans | ||
| 590 | |a Clàssics catalans és una iniciativa conjunta d'Edicions 62 i l'Excma. Diputació de Barcelona. | ||
| 590 | |a Conté: v. primer : Dietaris / Edició de D. Sam Abrams | ||
| 700 | |a Abrams, D. Sam, |d 1952- |e editor |9 36476 | ||
| 710 | 1 | |a Barcelona (Catalunya : Província). |b Diputació |9 52408 | |
| 866 | |a V. Primer | ||
| 901 | |a Arxiu | ||
| 942 | |n 1 |2 udc | ||
| 952 | |0 0 |1 0 |4 0 |6 L1305 |7 1 |9 48409 |a Arxiu |b Arxiu |d 2016-12-01 |l 0 |o L-1-305 |p 12721 |r 2016-12-01 00:00:00 |w 2016-12-01 |y ARXIU | ||
| 999 | |c 52237 |d 52237 | ||